| 000 | 01995nam a2200421 c 4500 | ||
|---|---|---|---|
| 003 | BLK | ||
| 005 | 20220629151936.0 | ||
| 008 | 180411b bul|||||r ||||||| ||bul|| | ||
| 010 | _aKNG00179623000 | ||
| 040 | _aBLK | ||
| 041 |
_aBUL _cBUL |
||
| 080 |
_aХимия. Кристалография. Минералогия. Вж и 577.1; 66; 612.015; 631.41 _b54 _x(470)(092) _z54(470)(092) |
||
| 080 |
_aРуски учен-енциклопедист - химик, физик, икономист, технолог, геолог, метеоролог, педагог и въздухоплавател _b929 Менделеев, Дмитрий Иванович _x _z929 Менделеев, Дмитрий Иванович |
||
| 100 | 1 |
_aНиколова, Рада _qГанчева, Рада Николова _9269252 |
|
| 700 | 1 |
_aГанчева, Рада Николова _e* _9338897 |
|
| 139 |
_aНиколова, Рада _bМ 48 |
||
| 245 | 1 | 0 |
_aД. И. Менделеев (1834 - 1907) _b[Биогр. очерк] _cРада Николова; * Рада Николова Ганчева. |
| 257 | _aBGR | ||
| 260 |
_аСофия _bНар. просв. _c1962 |
||
| 300 |
_a74 с., 1 л. _bпортр. _c25 см |
||
| 380 | _a5 | ||
| 490 | 1 | _aБележити хора на науката | |
| 500 | _aПълното име на авт. е Рада Николова Ганчева. - 7 078 тир. | ||
| 600 | 1 | 4 |
_aМенделеев, Дмитрий Иванович _9224419 |
| 650 | 4 |
_aМенделеев, Дмитрий Иванович _9224419 |
|
| 650 | 4 |
_aХимици, руски _9338898 |
|
| 650 | 4 |
_aХимици - биографии _9290402 |
|
| 651 | 4 |
_aРусия _9179465 |
|
| 653 | _aДмитрий Менделеев | ||
| 653 | _aруски химици | ||
| 653 | _aпрочути личности | ||
| 653 | _aбиографии | ||
| 852 | _aЦб 24676 | ||
| 856 | 4 |
_qpdf _u |
|
| 856 | 4 |
_qpdf _u |
|
| 942 |
_cKNG _n0 |
||
| 944 |
_aCR _c12.08.2015 _lф / _kЛюдмила_Стоянова |
||
| 944 |
_aED _c12.08.2015 _lф / _kЛюдмила_Стоянова |
||
| 999 |
_c171360 _d171360 |
||